000 00612nam a22002057a 4500
003 OSt
005 20220107122747.0
008 140527b xxu||||| |||| 00| 0 eng d
020 _a9788131764060
040 _cIIITM-K
082 _a006.8 MOY/B
100 _aMoyer, Christopher M
_95457
245 _aBuilding applications in the cloud:
_bConcepts, patterns and projects
_cby Christopher M Moyer
260 _aNoida,
_bDorling Kindersley,
_c2012.
300 _axiii, 326p.
650 _aCOMPUTER SCIENCE
_95458
650 _aDISTRIBUTED COMPUTING
_95459
650 _aCLOUD APPLICATION
_95460
942 _2ddc
_cBK
999 _c4255
_d4255